Statistics for Top 10 Clubs by Season in the Top 5 Leagues (Since 2000)

Click here to take the quiz!

General Stats

  • This quiz has been taken 118 times
    (69 since last reset)
  • The average score is 75 of 142

Answer Stats

CountryPeakSeasonClub% Correct
Spain118/19FC Barcelona
93%
England118/19Manchester City
93%
England112/13Manchester United
93%
England103/04Arsenal
92%
England119/20Liverpool
92%
Spain119/20Real Madrid
92%
Spain113/14Atlético Madrid
88%
England116/17Chelsea
88%
England115/16Leicester City
85%
England609/10Aston Villa
83%
England404/05Everton
83%
England216/17Tottenham Hotspur
83%
Spain103/04Valencia
83%
Italy110/11AC Milan
82%
Italy119/20Juventus
82%
France119/20Paris Saint-Germain
82%
Germany119/20Bayern Munich
80%
Germany111/12Borussia Dortmund
80%
Italy109/10Inter Milan
80%
Italy100/01AS Roma
78%
France107/08Olympique Lyonnais
78%
England302/03Newcastle United
77%
France109/10Olympique Marseille
77%
Spain308/09Sevilla
77%
Italy414/15ACF Fiorentina
75%
Spain413/14Athletic Bilbao
75%
England399/00Leeds United
75%
Italy199/00SS Lazio
75%
Germany108/09VfL Wolfsburg
75%
England715/16West Ham United
75%
France116/17AS Monaco
73%
Italy218/19SSC Napoli
73%
England719/20Wolverhampton
73%
France108/09FC Girondins de Bordeaux
72%
Spain404/05Real Betis
72%
Germany217/18Schalke 04
72%
France418/19AS Saint-Étienne
70%
Germany210/11Bayer 04 Leverkusen
70%
France110/11Lille OSC
70%
France316/17OGC Nice
70%
Italy718/19Torino FC
70%
Germany103/04Werder Bremen
70%
Spain199/00Deportivo La Coruña
68%
Italy400/01Parma
68%
Spain207/08Villarreal
68%
Italy319/20Atalanta
67%
England605/06Blackburn Rovers
67%
France111/12Montpellier HSC
67%
England615/16Southampton
67%
Germany106/07VfB Stuttgart
67%
Germany216/17RB Leipzig
65%
England700/01Sunderland
65%
Italy508/09Genoa
63%
Germany305/06Hamburger SV
63%
Spain202/03Real Sociedad
63%
Germany314/15Borussia Mönchengladbach
62%
France100/01FC Nantes
62%
England708/09Fulham
62%
Spain300/01Mallorca
62%
Germany516/171. FC Köln
60%
Spain518/19Getafe
60%
Spain411/12Málaga
60%
Italy908/09Cagliari
58%
Germany612/13Eintracht Frankfurt
58%
Spain504/05Espanyol
58%
Italy409/10UC Sampdoria
58%
England717/18Burnley
57%
France319/20Stade Rennais
57%
Italy311/12Udinese
57%
Italy701/02Bologna FC
55%
Italy509/10Palermo
55%
France201/02RC Lens
55%
France999/00RC Strasbourg
55%
England915/16Stoke City
55%
England807/08Portsmouth
53%
France619/20Stade de Reims
53%
Italy919/20Hellas Verona
52%
England814/15Swansea City
52%
France306/07Toulouse
52%
France309/10AJ Auxerre
50%
Spain402/03Celta Vigo
50%
Germany410/11Hannover 96
50%
Germany408/09Hertha BSC Berlin
50%
Germany317/181899 Hoffenheim
48%
England1014/15Crystal Palace
48%
England812/13West Bromwich Albion
48%
Germany510/111. FSV Mainz 05
47%
England909/10Birmingham City
47%
England606/07Bolton Wanderers
47%
England916/17Bournemouth
47%
Spain699/00Deportivo Alavés
47%
Italy615/16Sassuolo
45%
England704/05Middlesbrough
43%
Spain499/00Zaragoza
43%
Germany610/111. FC Nürnberg
42%
Spain1017/18Girona
42%
Spain405/06Osasuna
42%
Germany512/13SC Freiburg
42%
England819/20Sheffield United
42%
Italy1009/10S.S.C. Bari
42%
Germany514/15FC Augsburg
40%
Spain611/12Levante
40%
Germany599/001. FC Kaiserslautern
38%
Spain719/20Granada
38%
Italy1003/04Lecce
38%
Spain812/13Rayo Vallecano
37%
Spain899/00Real Valladolid
37%
England1005/06Wigan Athletic
37%
Spain807/08Almería
33%
England500/01Ipswich Town
33%
Germany503/04VfL Bochum
33%
Spain917/18Eibar
32%
England806/07Reading
30%
Italy812/13Catania
28%
Italy405/06Chievo
28%
France715/16SM Caen
28%
Spain1010/11Sporting Gijón
28%
France915/16Angers SCO
27%
France407/08AS Nancy
27%
Italy800/01Brescia
27%
Italy706/07Empoli
27%
Spain607/08Racing Santander
27%
France510/11FC Sochaux-Montbéliard
25%
Germany1018/19Fortuna Düsseldorf
25%
France709/10Lorient
23%
England703/04Charlton Athletic
22%
France702/03EA Guingamp
22%
France918/19Nîmes Olympique
22%
Germany903/04Hansa Rostock
20%
Italy605/06Livorno
20%
Italy801/02Perugia
18%
France800/01Bastia
17%
France701/02ES Troyes
17%
France1009/10Valenciennes
17%
Spain806/07Recreativo Huelva
15%
France907/08Le Mans FC
13%
Italy704/05Messina
13%
Germany499/001860 Munich
10%
Italy1005/06Ascoli
7%
France500/01CS Sedan
7%
Germany1099/00SpVgg Unterhaching
3%
France911/12Thonon Évian F.C.
0%

Score Distribution

Percentile by Number Answered

Percent of People with Each Score

Your Score History

You have not taken this quiz since the last reset